[Event "GAMMA Reykjavik Open 2018"]
[Site "Reykjavik"]
[Date "2018.03.10"]
[Round "5"]
[White "Cornette, Deimante"]
[Black "Cornette, Matthieu"]
[Result "1/2-1/2"]
[WhiteElo "2447"]
[BlackElo "2620"]
[Annotator "TA"]
[PlyCount "60"]
[EventType "swiss"]
[EventCountry "ISL"]
[SourceTitle "playchess.com"]
[Source "ChessBase"]
[SourceQuality "1"]

{[%evp 22,60,28,36,36,44,46,35,41,29,32,0,-4,-5,0,0,-12,-36,-9,-8,-9,-25,-33,-31,-18,-18,-18,-33,-33,-31,0,0,0,0,-3,-13,0,0,0,0,0]} 1. e4 c5 2. Nf3 Nc6 3. d4 cxd4 4. Nxd4 e6 5. Nc3 Qc7 6. Be3 a6 7. Qd2 Nf6 8. f4 {B48: Sicilian: Taimanov: 5 Nc3 Qc7 6 Be3 a6 without Be2} Bb4 9. Bd3 Na5 10. a3 Bxc3 11. Qxc3 Qxc3+ 12. bxc3 {LiveBook: 65 Games} d5 13. e5 (13. exd5 exd5 14. Nb3 Nc4 15. Bd4 Ne4 {1-0 (57) Carlsen,M (2834)-Matlakov,M (2718) Wijk aan Zee 2018}) 13... Ne4 14. Nb3 $1 {[%cal Rb3a5]} Nc4 15. Bxc4 dxc4 {[#]} 16. Nd2 $146 (16. Na5 {is interesting.} b5 17. Bd4 f6 18. exf6 gxf6 19. O-O) 16... Nxd2 $1 17. Kxd2 Bd7 18. Bb6 Bc6 19. Ke3 f6 20. Rhf1 O-O 21. g3 fxe5 22. fxe5 Rxf1 23. Rxf1 Rf8 24. Rxf8+ Kxf8 $11 {[%mdl 4096] Endgame KB-KB} 25. Kd4 Ba4 26. Kxc4 {The position is equal.} Bxc2 27. Kc5 Ke7 28. Bc7 Kd7 29. Kb6 Be4 30. Bd6 Bc6 {Precision: White = 62%, Black = 39%.} 1/2-1/2

[Event "GAMMA Reykjavik Open 2018"]
[Site "Reykjavik"]
[Date "2018.03.10"]
[Round "5"]
[White "Haria, Ravi"]
[Black "Adhiban, B.."]
[Result "0-1"]
[WhiteElo "2424"]
[BlackElo "2650"]
[Annotator "TA"]
[PlyCount "120"]
[EventType "swiss"]
[EventCountry "ISL"]
[SourceTitle "playchess.com"]
[Source "ChessBase"]
[SourceQuality "1"]

{[%evp 13,120,24,28,3,12,0,0,-27,-3,-45,-44,-56,-41,-48,-41,-52,-81,-38,-34,-56,-50,-36,0,-2,33,-6,-10,-17,-14,-22,0,-4,-2,-12,0,-12,-16,-12,-20,-20,-18,-32,-16,-76,-76,-75,-82,-83,-83,-81,-81,-83,-80,-86,-88,-108,-83,-134,-125,-436,-436,-436,-436,-436,-436,-436,-404,-400,-370,-360,-300,-360,-361,-359,-339,-265,-206,-339,-432,-432,-432,-429,-414,-364,-199,-192,-192,-407,-407,-192,-192,-400,-400,-225,-202,-188,-188,-218,-187,-952,-725,-1923,-617,-1923,-1729,-29967,-29967,-29982,-29983]} 1. Nf3 c5 2. e4 d6 3. Bb5+ Nd7 {[%cal Bb8d7,Bd7e5,Be5f3][%mdl 32]} 4. O-O Ngf6 5. Re1 a6 6. Bd3 {B51: Sicilian: Moscow Variation (3 Bb5+) without 3...Bd7} g6 7. c3 Bh6 {LiveBook: 7 Games} 8. Bc2 {White has an edge.} Ne5 9. h3 O-O 10. Qe2 $146 ({Predecessor:} 10. Na3 b5 11. d4 Nxf3+ 12. Qxf3 Bxc1 13. Raxc1 {½-½ (65) Soffer,R (2475)-Sjugirov,S (2660) St Petersburg 2016}) 10... Nh5 {Threatens to win with ...Nf4.} 11. d4 Bxc1 12. Rxc1 Nf4 13. Qe3 Nxf3+ 14. Qxf3 e5 $1 15. Rd1 Qg5 {Strongly threatening ...Nxh3+.} 16. Kh2 cxd4 17. cxd4 Ne6 18. Qe3 Qf6 {[%cal Re6d4]} (18... exd4 $6 19. Qxg5 Nxg5 20. Rxd4 $16) 19. d5 Nd4 20. Bd3 Bd7 21. Nc3 Bb5 22. Rac1 Bxd3 23. Rxd3 Rfc8 24. Ne2 Nxe2 25. Rxc8+ Rxc8 26. Qxe2 $11 {[%mdl 4096] Endgame KQR-KQR} Qf4+ 27. g3 Qc1 28. Qd2 (28. Kg2 $11 {keeps the balance.}) 28... Qxd2 $17 29. Rxd2 {KR-KR} Rc4 30. Re2 f5 31. f3 Kf7 32. Kg2 Kf6 33. h4 h5 34. Kh3 a5 35. Re3 ({White should play} 35. Kg2) 35... b5 {[%cal Bb7b5,Bb5b4][%mdl 32]} 36. Rc3 $2 {[%mdl 8192]} (36. a3 $17 {is more resistant.}) 36... Rxc3 $19 37. bxc3 fxe4 38. fxe4 {KP-KP} b4 $1 {[%cal Rb4c3]} 39. cxb4 axb4 40. Kg2 {[#]} Ke7 $1 {[%cal Re7d8]} 41. Kf3 Kd7 42. Ke3 {[#]} Kc7 $1 {[%cal Rc7b6] And now ...Kb6 would win.} 43. Kd3 {aiming for Kc4.} Kb6 44. Kc4 Ka5 45. Kb3 Kb5 46. a3 bxa3 47. Kxa3 Kc4 48. Ka4 Kd4 (48... Kd3 $142 49. Kb5 Kxe4) 49. Kb5 Kxe4 50. Kc6 Kf3 {Hoping for ...e4.} 51. Kxd6 {K3P-K3P} e4 {White must now prevent ...e3.} 52. Kc5 $2 (52. Kc6) 52... e3 {...e2 is the strong threat.} 53. d6 e2 ({Resist} 53... Kxg3 54. d7) 54. d7 e1=Q {( -> ...Qe7+)} 55. d8=Q {intending Qf6+.} Qe5+ ({Don't take} 55... Kxg3 56. Qg5+ Kh3 57. Qxg6 $17) ({But not} 55... Qxg3 56. Qd5+ Kg4 57. Qe4+ Qf4 58. Qxg6+ Kxh4 59. Kb6) 56. Kc4 $2 (56. Kc6) 56... Kxg3 57. Kd3 Kh3 (57... Qf4 $142 58. Kc2 Kh3 59. Qd3+ Qg3) 58. Kd2 Qf4+ 59. Ke2 Qxh4 60. Qd5 Qg4+ {Precision: White = 40%, Black = 81%.} 0-1

[Event "GAMMA Reykjavik Open 2018"]
[Site "Reykjavik"]
[Date "2018.03.10"]
[Round "5"]
[White "Norowitz, Yaacov"]
[Black "Ramirez, Alejandro"]
[Result "0-1"]
[WhiteElo "2412"]
[BlackElo "2568"]
[Annotator "TA"]
[PlyCount "72"]
[EventType "swiss"]
[EventCountry "ISL"]
[SourceTitle "playchess.com"]
[Source "ChessBase"]
[SourceQuality "1"]

{[%evp 12,72,0,0,0,0,0,0,32,0,0,0,0,0,0,0,0,-2,43,46,113,127,357,363,366,360,374,386,351,268,249,-485,-462,-461,-454,-435,164,160,155,151,143,145,143,0,0,0,0,0,0,-377,-376,-467,-463,-796,-765,-727,-735,-690,-484,-796,-662,-29997,-16]} 1. d4 Nf6 2. Nf3 c5 3. c3 d5 4. Bf4 {[%cal Bc1f4,Bf4e5,Be5d4][%mdl 32]} Nc6 5. e3 Qb6 6. Qc2 Nh5 {D02: 1 d4 d5 2 Nf3 sidelines, including 2...Nf6 3 g3 and 2...Nf6 3 Bf4} (6... g6 7. Nbd2 Bg7 8. h3 O-O 9. Be2 Bf5 10. Qb3 c4 11. Qxb6 axb6 12. g4 Bd7 13. Ne5 Bc8 14. Bf3 {½-½ (53) Boruchovsky,A (2542)-Reshef,O (2467) Israel 2018}) 7. Be5 {LiveBook: 3 Games} f6 8. dxc5 Qxc5 {The position is equal.} 9. Bd4 Qd6 10. b4 Qc7 11. c4 e5 12. cxd5 {And now Bb2 would win.} exd4 13. Nxd4 $146 ({Predecessor:} 13. Nbd2 Bxb4 14. dxc6 dxe3 15. fxe3 Qxc6 16. Qb3 Bxd2+ 17. Nxd2 Be6 18. Bc4 Bxc4 19. Nxc4 b5 20. Qxb5 {½-½ (20) Ottesen,S (2327)-Roy Laguens,A (2336) ICCF email 2015}) 13... Bxb4+ 14. Kd1 $1 $132 {[%mdl 2048] White is not keeping still} Bg4+ (14... Bf5 $5 {[%cal Rf5c2]} 15. Qc4 (15. Nxf5 O-O-O $15) (15. Qxf5 Nxd4 16. Qe4+ Qe5 $15) 15... O-O-O 16. dxc6 (16. Nxf5 $2 Rxd5+ 17. Qxd5 Rd8 $19) 16... Qxc6 17. Qxc6+ (17. Qxb4 Rxd4+ 18. Qxd4 Rd8 $15) 17... bxc6 $11) 15. Kc1 Qe5 ({Black should play} 15... O-O-O $14 16. dxc6 Rxd4 17. cxb7+ (17. exd4 Qf4+ 18. Nd2 Qxd4 $11) 17... Kxb7 18. Qxc7+ Kxc7 19. exd4 Re8) 16. dxc6 $16 bxc6 $2 (16... Rc8 $16 {was necessary.}) 17. Qxc6+ $18 Kf7 18. Qc4+ Be6 19. Qxb4 Rab8 20. Qa3 Rhd8 {White must now prevent ...Rxd4.} 21. Be2 $4 {[%mdl 8192]} (21. Qxa7+ $18 {is the narrow road to win.} Rd7 22. Qa4) 21... Rxd4 22. Bxh5+ ({Worse is} 22. exd4 Rc8+ 23. Kd1 Qxd4+ 24. Qd3 Qxa1 $19) 22... g6 $1 23. exd4 Qxd4 $4 {[%mdl 8192] [#]} (23... Rc8+ $19 {avoids the disaster.} 24. Kd2 Qxd4+ 25. Qd3 Qxa1) 24. Bd1 $1 {[%cal Rd1c2]} (24. Nc3 $2 Rc8 $19) 24... Rc8+ 25. Bc2 Bf5 {[%csl Gf5][%cal Rc8c2]} 26. Qb3+ Kg7 27. Na3 ({Much worse is} 27. Qb7+ $6 Kh6 $11) (27. Rd1 $16 Qf4+ 28. Nd2) 27... Qxa1+ $11 28. Qb1 $1 {[%cal Rb1a1]} Qd4 {Strongly threatening ...Qf4+.} 29. Qb7+ Kh6 {Hoping for ...Qf4+.} 30. Kb1 $2 {[%mdl 8192] [#]} (30. Rd1 $1 $11 {and White is okay.} Qf4+ 31. Rd2 (31. Kb1 $2 Rb8 $19)) 30... Qe5 $1 $19 31. Qxa7 {Qe3+ is the strong threat.} Rb8+ 32. Kc1 (32. Qxb8 $142 Qxb8+ 33. Ka1) 32... Qa1+ 33. Kd2 Rd8+ 34. Ke2 Re8+ 35. Kf3 (35. Kd2 $142 Rd8+ 36. Ke2 Qxh1 37. Qa4) 35... Qc3+ (35... Qxh1 $2 36. Qd4 $19) 36. Kf4 Qe5+ {[%mdl 32768] Precision: White = 64%, Black = 51%. . Loss on Time!?} 0-1

[Event "GAMMA Reykjavik Open 2018"]
[Site "Reykjavik"]
[Date "2018.03.11"]
[Round "5"]
[White "Fenil, Shah"]
[Black "Friedel, Joshua"]
[Result "0-1"]
[WhiteElo "2346"]
[BlackElo "2562"]
[Annotator "TA"]
[PlyCount "90"]
[EventType "swiss"]
[EventCountry "ISL"]
[SourceTitle "playchess.com"]
[Source "ChessBase"]
[SourceQuality "1"]

{[%evp 12,90,11,5,22,17,45,9,25,22,32,22,19,17,21,22,33,19,36,18,20,3,15,0,8,-10,34,22,32,28,41,22,23,30,40,23,18,16,16,16,16,6,13,0,0,0,14,0,12,2,12,9,9,0,0,-102,-53,-74,-58,-315,-286,-243,-148,-147,-97,-113,-94,-226,-221,-615,-610,-576,-638,-615,-595,-769,-764,-2283,-2016,-2012,-1959]} 1. e4 e5 2. Nf3 Nc6 3. Bc4 Nf6 4. d3 Be7 5. Nc3 d6 6. a3 O-O {C55: Two Knights: 4 d3, 4 d4 exd4 5 e5 and Max Lange Attack} 7. Be3 {LiveBook: 15 Games} (7. O-O Be6 8. Nd5 h6 9. c3 Qd7 10. Re1 Rae8 11. d4 Bg4 12. Ne3 Bxf3 13. Qxf3 g6 14. Nd5 Kg7 15. Nxf6 Bxf6 16. Bxh6+ Kxh6 17. Qxf6 {1-0 (53) Nepomniachtchi,I (2729)-Wang,H (2709) Riadh 2017}) 7... Ng4 8. Bd2 Nd4 {The position is equal.} 9. h3 Nf6 10. Nxd4 exd4 11. Nd5 $146 ({Predecessor:} 11. Ne2 c5 12. Nf4 Nd7 13. O-O Ne5 {1-0 (32) Bisguier,A (2244)-Bury,M Parsippany 2008}) 11... Nxd5 12. Bxd5 c6 13. Ba2 Kh8 14. O-O f5 15. f4 Bd7 16. Kh1 Qb6 17. Rb1 a5 18. e5 d5 19. c3 Be6 20. a4 Rfd8 21. Qb3 Qxb3 22. Bxb3 dxc3 23. Bxc3 c5 24. Rbc1 Kg8 25. d4 b6 26. Rcd1 Kf7 27. Rd2 g6 28. Bd1 c4 29. g4 Rf8 30. Kg2 Ke8 31. Kg3 Kd7 32. b3 Rac8 $36 {[%mdl 2048] Black has the initiative.} 33. Rf3 (33. bxc4 $11 {remains equal.} Rxc4 34. Bb2) 33... g5 {[#] And now ...gxf4+ would win.} 34. fxg5 cxb3 {Threatens to win with ...fxg4.} ({Much worse is} 34... Bxg5 35. Rb2 $11) 35. h4 $2 {[%mdl 8192]} (35. gxf5 $15 Rxf5 36. Rxf5 Bxf5 37. Bb2) 35... fxg4 $19 36. Re3 h6 37. gxh6 {[#]} Rh8 $1 {[%cal Rh8h6]} 38. Rh2 Rxh6 {aiming for ...Rch8.} 39. Bxb3 (39. Bd2 $17 {only move.} Rch8 40. Rxb3 Rxh4 41. Rxh4 Bxh4+ 42. Kg2) 39... Rch8 {[%cal Rh6h4]} 40. h5 $2 (40. Bd2) 40... Rxh5 {Black is clearly winning.} 41. Rxh5 Rxh5 42. Kg2 Bg5 43. Rd3 Bf5 44. Bd1 Be4+ 45. Kf2 Rh2+ {Precision: White = 31%, Black = 44%.} 0-1

[Event "GAMMA Reykjavik Open 2018"]
[Site "Reykjavik"]
[Date "2018.03.12"]
[Round "5"]
[White "Unuk, Laura"]
[Black "Vaibhav, Suri"]
[Result "0-1"]
[WhiteElo "2346"]
[BlackElo "2544"]
[Annotator "TA"]
[PlyCount "146"]
[EventType "swiss"]
[EventCountry "ISL"]
[SourceTitle "playchess.com"]
[Source "ChessBase"]
[SourceQuality "1"]

{[%evp 17,146,27,18,-23,-21,-47,-54,-33,-19,-29,-18,-25,-31,-28,0,-25,8,-95,-97,-97,-98,-113,-97,-97,-101,-97,-104,-120,-119,-122,-94,-87,-81,-135,-116,-163,-162,-153,0,-210,-135,-122,-121,-200,-203,-195,-168,-320,-319,-300,-304,-290,-280,-379,0,0,0,0,0,0,2,4,2,-127,-117,-200,-116,-104,-108,-106,-117,-116,-110,-162,-164,-164,-154,-135,-118,-150,-152,-338,-301,-270,-290,-300,-333,-356,-353,-325,-310,-1163,-1008,-1014,-498,-326,0,0,0,0,0,0,0,-12850,-12850,-12850,-12851,-12851,-12851,-12851,-12851,-12851,-12851,-12851,-29955,-12851,-29968,-12851,-29980,-12851,-29981,-29981,-29982,-29982,-29978,-29984,-29982,-29982,-29983,-29983,-29984]} 1. d4 Nf6 2. Nf3 d5 3. c4 e6 4. g3 Be7 5. Bg2 O-O 6. O-O dxc4 7. Qc2 b6 {E05: Open Catalan: 5 Nf3 Be7} 8. Bg5 Nd5 9. Bxe7 Qxe7 {LiveBook: 15 Games. White has an edge.} 10. Na3 $146 {[#]} ({Predecessor:} 10. e4 Nb4 11. Qc3 c5 12. a3 N4c6 13. d5 Na5 14. Nbd2 Ba6 15. Ne5 {½-½ (31) Gelfand,B (2737)-Hammer,J (2632) Heraklio 2017}) 10... c3 $1 {[%mdl 512]} 11. e4 (11. bxc3 Qxa3) 11... cxb2 12. Qxb2 Nb4 13. Rfd1 Bb7 14. Ne5 Rd8 15. Rac1 N8a6 16. Nac4 f6 17. Ng4 (17. a3 $11 {was the only way to keep the balance.}) 17... c5 $1 $36 {[%mdl 2048] Black is on the roll.} 18. a3 Nc6 {[%cal Rc6d4]} 19. d5 exd5 20. exd5 Nd4 21. Nge3 Qf7 22. Rxd4 cxd4 23. Qxd4 Rac8 {White must now prevent ...b5.} 24. Rd1 Rc5 25. Qg4 (25. a4 $142) 25... Kh8 26. Nf5 Qf8 (26... Bxd5 $2 27. Ncd6 $18) 27. Nfe3 Qf7 $2 (27... Bc8 $17 28. Qd4 Nc7) 28. Re1 $2 (28. Nf5 $1 $11) 28... g6 29. Qf4 {With the idea Nd6.} Qf8 30. Nd2 (30. Nb2 $17) 30... Nc7 $19 {[%cal Rc7d5]} 31. Nb3 Rc3 {[%cal Rb7d5]} (31... Nxd5 32. Nxd5 Rcxd5 33. Bxd5 $17) 32. Nd4 $2 (32. Qa4) 32... Nxd5 (32... Bxd5 33. Nxd5 Nxd5 34. Qd2 $19) 33. Nxd5 Bxd5 34. Bxd5 Rxd5 35. Ne6 Qf7 $2 (35... g5 $19 36. Qe4 Qd6) 36. Qb8+ $11 Qg8 37. Nf8 Re5 (37... Rxa3 $2 38. Nxg6+ $1 {[%mdl 512]} hxg6 39. Re8 $18) 38. Rd1 $1 Kg7 39. Rd7+ Kh6 40. Rxh7+ {[#]} (40. Qd6 $11 {remains equal.} Rd3 41. Qxd3 Qxf8 42. Qd2+ (42. Rxa7 Re7 $11) 42... g5 43. Rxa7) 40... Kg5 $1 $17 41. Qd6 {[#]} ({Wrong is} 41. f4+ $2 Kg4 $19) (41. Qd8 $17 {was called for.} Rc1+ 42. Kg2 Qd5+ 43. Qxd5 Rxd5 44. Rxa7) 41... Rc1+ ({Black should play} 41... Qd5 $1 $19 {( -> ...Re1#)} 42. Qxd5 (42. f4+ $2 Kg4 $19) 42... Rxd5 43. Rxa7 Kf5) 42. Kg2 {Qd2+ would kill now.} Qd5+ 43. Qxd5 Rxd5 44. Rxa7 {[%mdl 4096] Endgame KRR-KRN} Rc2 45. Nh7+ (45. h4+ $17 Kf5 46. Ra4) 45... Kf5 $19 {Threatens to win with ...Rdd2.} 46. g4+ Ke5 47. Re7+ Kd6 48. Rf7 f5 49. Kg3 $2 (49. Rf6+ $17 Kc5 50. Rxg6) 49... fxg4 50. Rf6+ Kc5 51. Nf8 Rd6 52. Ne6+ Kd5 53. Nf4+ Kc6 54. Rxg6 $2 (54. Rf8 Kb5 55. Ng2) 54... Rxg6 55. Nxg6 {KR-KN} b5 (55... Ra2 $142 56. Kxg4 b5) 56. Kxg4 Rxf2 $2 (56... Rc3 $19 {And now ...Kd5 would win.} 57. h4 Rxa3) 57. h4 $1 $11 Kd6 {Strongly threatening ...Ra2.} 58. h5 Ke6 {Hoping for ...Ra2.} 59. Nf4+ Kf7 {...Ra2 is the strong threat.} 60. Kf5 $2 {[%mdl 8192]} (60. Nd5 $11) 60... Rf3 $19 61. Ke4 Rxa3 62. Nd3 Rc3 63. Kd4 Rc4+ 64. Kd5 Kg7 65. Nc5 Kh6 66. Ne4 Rc2 67. Ng3 b4 {[%cal Bb5b4,Bb4b3][%mdl 32]} 68. Nf5+ Kxh5 69. Nd4 {Black mates.} Rc3 70. Ne2 Rc8 71. Kd4 b3 72. Nf4+ Kg4 73. Nd3 Rc2 {Precision: White = 38%, Black = 75%.} 0-1

[Event "GAMMA Reykjavik Open 2018"]
[Site "Reykjavik"]
[Date "2018.03.12"]
[Round "5"]
[White "Foisor, Sabina-Francesca"]
[Black "Brunello, Sabino"]
[Result "0-1"]
[WhiteElo "2326"]
[BlackElo "2542"]
[Annotator "TA"]
[PlyCount "114"]
[EventType "swiss"]
[EventCountry "ISL"]
[SourceTitle "playchess.com"]
[Source "ChessBase"]
[SourceQuality "1"]

{[%evp 14,114,29,25,38,0,0,0,3,-1,0,-19,-18,-75,-84,-85,-93,-97,-88,-95,-91,-111,-113,-135,-120,-111,-121,-108,-113,-110,-110,-121,-116,-122,-24,-38,-25,-31,-5,-45,0,0,8,-32,0,-6,0,0,0,-178,-171,-177,-185,-171,0,0,0,-175,461,0,0,0,0,-16,-18,-18,-16,-29,-31,-102,-109,-271,-179,-530,-499,-527,-432,-520,-554,-386,-386,-386,-343,-2085,-2106,-1328,-1289,-29967,-29968,-29965,-29965,-29972,-29968,-29973,-29969,-29978,-29979,-29979,-29980,-29985,-29986,-29987,-29988]} 1. d4 d5 2. c4 e6 3. Nc3 Nf6 4. Nf3 Bb4 5. Bg5 h6 6. Bxf6 Qxf6 7. Qa4+ Nc6 8. e3 O-O {D38: Queen's Gambit Declined: Ragozin Defence (4 Nf3 Bb4)} 9. a3 (9. Bd3 {feels hotter.} dxc4 10. Bxc4 Bd6 11. O-O Qg6 12. Rfd1) (9. Rc1 Rd8 10. h4 e5 11. cxd5 Rxd5 12. dxe5 Bxc3+ 13. Rxc3 Nxe5 14. Qe8+ Kh7 15. Ng5+ Kg6 16. f4 hxg5 17. fxe5 {1-0 (112) Li,C (2732)-Le,Q (2737) Riadh 2017}) 9... Bxc3+ $1 10. bxc3 Bd7 {Strongly threatening ...Nxd4.The position is equal.} 11. Qc2 Rfd8 $146 ({Predecessor:} 11... Rfc8 12. Rb1 Na5 13. Ne5 Be8 14. cxd5 exd5 15. Bd3 c5 16. Qe2 cxd4 17. cxd4 {½-½ (25) Jarmula,L (2466)-Zubarev,A (2508) Krakow 2016}) 12. Rc1 Na5 13. c5 (13. cxd5 $11 {keeps the balance.} exd5 14. Bd3) 13... b6 $36 {[%mdl 2048] Black is on the roll.} 14. Ne5 Be8 15. cxb6 axb6 16. Be2 Qe7 17. a4 Qa3 18. Bh5 Nc4 19. Nxc4 dxc4 20. O-O Qxa4 21. Qe2 Ra5 22. f4 Bc6 23. e4 Bxe4 {[#]} (23... Qa2 $17 24. Qxa2 Rxa2) 24. Bxf7+ $1 $11 {[%mdl 512]} Kxf7 25. Qxe4 Qd7 26. Rce1 g6 27. Qe2 b5 28. Qe3 h5 29. Qe5 Ra2 {aiming for ...b4!} 30. Qg5 b4 31. d5 $2 (31. f5 $11 {and White is okay.} exf5 32. Re5 bxc3 33. Rfxf5+ $1 {[%mdl 512]} gxf5 34. Qxh5+ Kg7 35. Qg5+ Kh8 36. Qf6+ Kg8 37. Qg5+ Kh8 38. Qf6+ Kg8 39. Qg5+ Kh8) 31... Qxd5 $19 32. f5 gxf5 33. Qxh5+ Kf6 $2 (33... Kf8 $1 $19 {[%csl Ga2][%cal Rd5g2]} 34. Qh6+ Ke7 35. Qg5+ Kf7 36. Qh5+ Kf8 37. Qh6+ Ke8 38. Qg6+ Kd7 39. cxb4 c3) 34. Qh6+ $11 Kf7 {[%csl Ga2][%cal Rd5g2]} 35. Qh7+ $2 {[#]} (35. Qh5+ $1 $11 Kf8 36. Qh6+ Ke7 37. Qg5+ Kf7 38. Qh5+) 35... Kf6 $4 {[%mdl 8192]} (35... Kf8 $1 $19 {[%csl Ga2][%cal Rd5g2] avoids the disaster.} 36. Rf3 Rd7 37. Qh8+ Ke7 38. cxb4 Qd4+ 39. Qxd4 Rxd4) 36. Qh6+ $2 ({White has to play} 36. Rf3 $18 Rd7 37. Qh4+ Kg7 38. Rg3+ Kf8 39. Rg6 Rxg2+ 40. Rxg2 bxc3 41. Qf6+ Rf7 42. Qxc3) 36... Ke7 {[%csl Ga2][%cal Rd5g2]} 37. Qg5+ $1 Ke8 38. cxb4 Rd6 {White must now prevent ...Qd4+.} 39. Rxf5 Rxg2+ 40. Qxg2 Qxf5 {[%mdl 4096] Endgame KQR-KQR} 41. Rf1 {[#]} (41. Qg7 $15 Qf4 42. Qxc7 Qg4+ 43. Kh1) 41... Qd5 $1 $17 42. Qg8+ $2 (42. Qg7 $17 Qd4+ 43. Qxd4 Rxd4 44. Kg2) 42... Kd7 $19 43. b5 $2 (43. Rf7+ {nothing else works.} Kc6 44. Qa8+ Kb6 45. Qb8+ Qb7 46. Qxb7+ Kxb7 47. Kf2) 43... Qc5+ 44. Kh1 {[%cal Rf1f7]} Qxb5 45. Rf7+ Kc6 46. Qe8+ Kc5 47. Rxc7+ Kb4 48. Qf8 $2 (48. Qxb5+ Kxb5 49. Kg2) 48... Qd5+ 49. Kg1 Kb3 {( -> ...Qg5+)} 50. Rb7+ Kc2 {Black mates.} 51. Qf2+ Qd2 52. h4 Rd4 53. Rf7 Qxf2+ 54. Rxf2+ Kb3 55. h5 c3 {[%cal Bc4c3,Bc3c2][%mdl 32]} 56. Kg2 c2 57. Rf1 Rd1 {Precision: White = 31%, Black = 62%.} 0-1

[Event "GAMMA Reykjavik Open 2018"]
[Site "Reykjavik"]
[Date "2018.03.10"]
[Round "5"]
[White "Sarkar, Justin"]
[Black "Abdusattorov, Nodirbek"]
[Result "0-1"]
[WhiteElo "2322"]
[BlackElo "2518"]
[Annotator "TA"]
[PlyCount "90"]
[EventType "swiss"]
[EventCountry "ISL"]
[SourceTitle "playchess.com"]
[Source "ChessBase"]
[SourceQuality "1"]

{[%evp 17,90,0,0,0,0,0,0,0,0,0,0,0,6,0,33,-39,0,-12,0,-10,0,0,24,28,38,32,16,17,14,13,20,16,20,17,31,-47,-11,0,42,40,76,60,67,-67,-70,-66,-69,-75,-73,-81,-72,-101,-88,-260,-233,-366,-369,-339,-366,-356,-361,-356,-327,-400,-331,-590,-606,-29981,-29982,-29984,-29985,-29985,-29986,-29986,-29987]} 1. e4 c5 2. Nf3 d6 3. d4 Nf6 4. Nc3 cxd4 5. Nxd4 a6 6. Bg5 Nbd7 7. Qf3 e6 8. Be2 {B95: Sicilian Najdorf: 6 Bg5 e6, unusual White 7th moves} (8. O-O-O Qc7 9. Bd3 b5 10. Rhe1 Ne5 11. Qg3 b4 12. Nd5 exd5 13. Bxf6 gxf6 14. exd5 Bb7 15. f4 O-O-O 16. fxe5 dxe5 {½-½ (75) Salem,A (2642)-Andriasian,Z (2585) chess.com INT 2018}) 8... Qc7 9. a4 b6 {LiveBook: 4 Games} 10. Qg3 {The position is equal.} Bb7 11. f3 Be7 12. Be3 O-O 13. O-O {[#]} Rfc8 $146 ({Predecessor:} 13... Rac8) 14. Rfd1 Kh8 15. Bf1 Rg8 16. Rd2 (16. a5 $14) 16... Ne5 (16... g5 $5) 17. Nb3 g5 {next ...g4 is good for Black.} 18. Qf2 Nfd7 19. Bd4 Bc6 20. Nc1 Bf6 21. Nd3 g4 22. Nxe5 dxe5 23. Be3 gxf3 $1 24. Qxf3 {Strongly threatening Rxd7!} Rg6 {[%cal Bg8g6,Bg6f6,Bf6f5][%mdl 32]} 25. Rad1 Be7 26. Nb5 (26. Qxf7 $14 Nc5 27. Qf3) 26... axb5 27. axb5 Rf6 28. Qe2 Nc5 {...Be8 is the strong threat.} 29. bxc6 Qxc6 30. Qh5 ({Better is} 30. g3 $14) 30... Nxe4 $15 31. Bd3 Rf5 32. Bxe4 $1 Qxe4 (32... Rxh5 $2 {loses.} 33. Bxc6 Rc8 34. Bf3 $18) 33. Qe2 {[#]} b5 $1 $36 {[%mdl 2560] White is under strong pressure.} 34. h3 (34. Qxb5 Qxe3+) 34... Rg8 35. Rd3 $2 (35. Kh2 $17 {was necessary.}) 35... Bh4 36. R1d2 {[#]} (36. Rf1 {was the only chance.}) 36... Bf2+ $1 {[%mdl 512]} 37. Qxf2 (37. Bxf2 Qxg2#) 37... Rxf2 38. Rxf2 f5 39. Bc5 Rc8 40. b4 Ra8 41. Rfd2 $2 (41. Re3 Qd5 42. Rd3) 41... Ra1+ $19 42. Kh2 {intending Rd8+.} Qf4+ {Black mates.} 43. g3 Qf1 {[%csl Ga1][%cal Rf1h1]} 44. Rd8+ Kg7 {[%csl Ga1][%cal Rf1h1]} 45. R2d7+ Kh6 {Precision: White = 38%, Black = 62%.} 0-1